000 00519pab a2200181 454500
008 180718b1979 xxu||||| |||| 00| 0 eng d
100 _aBhambhri, C.P.
245 _aThe modern state and administrative secrecy: A case study of India
260 _c1979
300 _ap.1187-1194.
362 _aOct-Dec
650 _aPublic information - Case studies
650 _aPublic information - India
650 _aPublic information
773 _aIndian Journal of Public Administration
908 _aN
909 _a88427
999 _c88427
_d88427